Detalles MARC
| 000 -LEADER |
| fixed length control field |
02206nam a2200409Ii 4500 |
| 001 - CONTROL NUMBER |
| control field |
DIGRILEDIT0129 |
| 003 - CONTROL NUMBER IDENTIFIER |
| control field |
NyNyDIG |
| 006 - FIXED-LENGTH DATA ELEMENTS--ADDITIONAL MATERIAL CHARACTERISTICS |
| fixed length control field |
m o d |
| 007 - PHYSICAL DESCRIPTION FIXED FIELD--GENERAL INFORMATION |
| fixed length control field |
cr ||||||||||| |
| 008 - FIXED-LENGTH DATA ELEMENTS--GENERAL INFORMATION |
| fixed length control field |
140101s2011 cl a o 000 0bspa d |
| 020 ## - INTERNATIONAL STANDARD BOOK NUMBER |
| Canceled/invalid ISBN |
9789562847902 |
| 020 ## - INTERNATIONAL STANDARD BOOK NUMBER |
| Canceled/invalid ISBN |
956284790X |
| 035 ## - SYSTEM CONTROL NUMBER |
| System control number |
(OCoLC)847712483 |
| 040 ## - CATALOGING SOURCE |
| Original cataloging agency |
DGITA |
| Language of cataloging |
eng |
| Description conventions |
pn |
| Transcribing agency |
DGITA |
| 043 ## - GEOGRAPHIC AREA CODE |
| Geographic area code |
s-cl--- |
| 050 14 - LIBRARY OF CONGRESS CALL NUMBER |
| Classification number |
LB2822.75 eBook |
| 245 03 - TITLE STATEMENT |
| Title |
Un 7 para siete : |
| Remainder of title |
grandes resultados educando en condición de pobreza / |
| Statement of responsibility, etc. |
coordinadora Luz María Budge C. ; Mariana Aylwin O. ... [et. al.]. ; prólogos María de los Ángeles Santander M., Lucía Santa Cruz S. |
| 246 10 - VARYING FORM OF TITLE |
| Title proper/short title |
Grandes resultados educando en condición de pobreza. |
| 246 13 - VARYING FORM OF TITLE |
| Title proper/short title |
Siete para siete. |
| 264 #1 - PRODUCTION, PUBLICATION, DISTRIBUTION, MANUFACTURE, AND COPYRIGHT NOTICE |
| Place of production, publication, distribution, manufacture |
Santiago, Chile : |
| Name of producer, publisher, distributor, manufacturer |
Libertad y Desarrollo ; |
| Place of production, publication, distribution, manufacture |
Providencia, Santiago de Chile: |
| Name of producer, publisher, distributor, manufacturer |
Universidad Finis Terrae : |
| -- |
RIL editores, |
| Date of production, publication, distribution, manufacture, or copyright notice |
2011. |
| 300 ## - PHYSICAL DESCRIPTION |
| Extent |
1 online resource (150 pages) |
| 336 ## - CONTENT TYPE |
| Content type term |
text |
| Content type code |
txt |
| Source |
rdacontent |
| 337 ## - MEDIA TYPE |
| Media type term |
computer |
| Media type code |
c |
| Source |
rdamedia |
| 338 ## - CARRIER TYPE |
| Carrier type term |
online resource |
| Carrier type code |
cr |
| Source |
rdacarrier |
| 490 1# - SERIES STATEMENT |
| Series statement |
Bibliodiversidad. |
| 505 0# - FORMATTED CONTENTS NOTE |
| Formatted contents note |
Escuela Radimadi (La Unión): pedagogía con efecto y afecto / Luz María Budge C. -- Colegio Rosa Elvira Matte (Lo Espejo): la clave está en el profesor / Loreto Fonaine C. -- Colegio Francisco Ramírez (San Ramón): romper el estigma / Patricia Matte L. -- Colegio María Mazzarello (Talca) / José Weinstein C. -- Colegio Eduardo Martín Abejón (Constitución): obra de un líder / Bárbara Eyzaguirre A. -- Colegio República de Siria (Ñuñoa): el privilegio de enseñar / Ernesto Schiefelbein F. -- Colegio San Joaquín (Renca): la pobreza no es excusa / Mariana Aylwin O. -- Diez aspectos replicables para una educación de calidad / Luz María Budge C. |
| 650 #0 - SUBJECT ADDED ENTRY--TOPICAL TERM |
| Topical term or geographic name entry element |
Educational evaluation |
| Geographic subdivision |
Chile. |
| 655 #0 - INDEX TERM--GENRE/FORM |
| Genre/form data or focus term |
Electronic books. |
| 700 1# - ADDED ENTRY--PERSONAL NAME |
| Personal name |
Budge C., Luz María. |
| 700 1# - ADDED ENTRY--PERSONAL NAME |
| Personal name |
Aylwin, Mariana, |
| Dates associated with a name |
1949- |
| 791 2# - |
| -- |
Digitalia (Firm), |
| -- |
distributor. |
| 793 0# - |
| -- |
Digitalia eBook Collection: |
| -- |
Ril Editores. |
| 830 #0 - SERIES ADDED ENTRY--UNIFORM TITLE |
| Uniform title |
Bibliodiversidad. |
| 856 40 - ELECTRONIC LOCATION AND ACCESS |
| Materials specified |
Digitalia Hispánica |
| Uniform Resource Identifier |
<a href="https://www.digitaliapublishing.com/a/19140/">https://www.digitaliapublishing.com/a/19140/</a> |
| 910 ## - USER-OPTION DATA (OCLC) |
| User-option data |
Premium Collection: 2007-2012 |
| 942 ## - ADDED ENTRY ELEMENTS (KOHA) |
| Koha item type |
Recurso Electrónico |